[Event "St Louis Inv IM 2017"]
[Site "Saint Louis USA"]
[Date "2017.11.17"]
[Round "1.1"]
[White "Neimer, Vitaly"]
[Black "Larson, Matthew"]
[Result "1/2-1/2"]
[WhiteTitle "IM"]
[BlackTitle "FM"]
[WhiteElo "2346"]
[BlackElo "2392"]
[WhiteFideId "2807017"]
[BlackFideId "2077990"]
[EventDate "2017.11.17"]
[EventType "tourn"]

1. c4 c5 2. Nc3 Nc6 3. Nf3 e5 4. e3 Nf6 5. d4 e4 6. d5 exf3 7. dxc6 bxc6 8. e4
Qc7 9. gxf3 Bd6 10. Be3 Rb8 11. Qd2 Nh5 12. O-O-O Bf4 13. Rg1 g6 14. Rg4 Bxh2
15. Rh4 Be5 16. Bxc5 f6 17. Be3 Qa5 18. f4 Bxc3 19. Qxc3 Qxa2 20. Rxh5 gxh5 21.
Qxf6 Qa1+ 22. Kc2 Qa4+ 23. Kc1 Qa1+ 24. Kc2 Qa4+ 25. Kc1 1/2-1/2

[Event "St Louis Inv IM 2017"]
[Site "Saint Louis USA"]
[Date "2017.11.17"]
[Round "1.2"]
[White "Grabinsky, Aaron"]
[Black "Foisor, Sabina-Francesca"]
[Result "1-0"]
[BlackTitle "WGM"]
[WhiteElo "2362"]
[BlackElo "2369"]
[WhiteFideId "2087090"]
[BlackFideId "1212915"]
[EventDate "2017.11.17"]
[EventType "tourn"]

1. b3 d5 2. Bb2 e6 3. e3 Nf6 4. Nf3 Be7 5. c4 O-O 6. Be2 c5 7. O-O b6 8. cxd5
Nxd5 9. Nc3 Bb7 10. Rc1 Nc6 11. a3 Rc8 12. Qc2 a6 13. d3 Na5 14. Ne4 f5 15. Ned2
b5 16. Qb1 Bf6 17. Rfe1 b4 18. d4 cxd4 19. Nxd4 Rxc1 20. Qxc1 Qd7 21. axb4 Nxb4
22. Qc5 Qd5 23. Qxd5 Bxd5 24. Ra1 Nxb3 25. N2xb3 Bxb3 26. Bxa6 Nxa6 27. Rxa6 Bd5
28. Rb6 Rc8 29. f3 Bd8 30. Rd6 Be7 31. Rd7 Bf8 32. Nxf5 Rc2 33. Bxg7 exf5 34.
Bxf8 Bxf3 35. gxf3 Kxf8 36. Rd5 f4 37. Rf5+ Kg7 38. Rxf4 Re2 39. e4 Kg6 40. Rg4+
Kf6 41. Rg2 Re1+ 42. Kf2 Rh1 43. Kg3 Ke5 44. Rd2 Rg1+ 45. Kf2 Rh1 46. Rd5+ Kf6
47. Kg3 h6 48. Rd6+ Kg5 49. f4+ Kh5 50. e5 Ra1 51. Kf3 Ra4 52. Rf6 Ra2 53. e6
Ra3+ 54. Ke4 Ra4+ 55. Kd5 Ra5+ 56. Kd6 Kg4 57. e7 Ra6+ 58. Ke5 Ra5+ 59. Ke6 1-0

[Event "St Louis Inv IM 2017"]
[Site "Saint Louis USA"]
[Date "2017.11.17"]
[Round "1.3"]
[White "Arias Santana, Mauricio"]
[Black "Yip, Carissa"]
[Result "1/2-1/2"]
[WhiteTitle "IM"]
[BlackTitle "FM"]
[WhiteElo "2308"]
[BlackElo "2311"]
[WhiteFideId "6500366"]
[BlackFideId "2090732"]
[EventDate "2017.11.17"]
[EventType "tourn"]

1. d4 Nf6 2. Nc3 g6 3. e4 d6 4. Bg5 Nbd7 5. f4 c5 6. e5 h6 7. Bh4 Nh7 8. exd6
Nhf6 9. dxc5 Nxc5 10. Bb5+ Bd7 11. Bxf6 exf6 12. Qe2+ Ne6 13. O-O-O Qa5 14. f5
gxf5 15. Bxd7+ Kxd7 16. Qh5 Rh7 17. Nge2 Rd8 18. Rd5 Qb6 19. Qxf5 Rg7 20. Qxf6
Bxd6 21. Rhd1 Kc8 22. Nb5 Qe3+ 23. R1d2 Be7 24. Qxe7 Rxd5 25. Nd6+ Rxd6 26. Qxd6
Rg8 27. Qd5 Kb8 28. Qf3 Qxf3 29. gxf3 Rg2 30. Nc3 Rg1+ 31. Nd1 Ng5 32. Rf2 Nh3
33. Re2 Rf1 34. Kd2 Rxf3 35. Re3 Ng1 36. Kd3 Rf1 37. Nc3 f5 38. Nd5 Kc8 39. Rg3
Rd1+ 40. Kc4 Ne2 41. Rg7 Rd2 42. c3 Rxb2 43. Kc5 Rxa2 44. Nb4 Rd2 45. Nd5 Ra2
46. Nb4 Rd2 47. Nd5 Ra2 48. Nb4 Rd2 1/2-1/2

[Event "St Louis Inv IM 2017"]
[Site "Saint Louis USA"]
[Date "2017.11.17"]
[Round "1.4"]
[White "Wang, Justin"]
[Black "Torres Rosas, Luis Carlos"]
[Result "1/2-1/2"]
[BlackTitle "IM"]
[WhiteElo "2254"]
[BlackElo "2353"]
[WhiteFideId "30911370"]
[BlackFideId "5111080"]
[EventDate "2017.11.17"]
[EventType "tourn"]

1. e4 e6 2. d4 d5 3. Nd2 h6 4. Bd3 c5 5. dxc5 Bxc5 6. Ngf3 Nf6 7. O-O Nc6 8. c3
Qc7 9. exd5 exd5 10. Re1+ Be6 11. Nb3 Bb6 12. Be3 O-O 13. Bxb6 Qxb6 14. Qd2 Ne4
15. Qe3 Bf5 16. Rad1 Rfe8 17. Qxb6 axb6 18. Bb1 Bg4 19. Re3 Nf6 20. Nbd4 Rxe3
21. fxe3 Re8 22. Re1 Na5 23. Bd3 Ne4 24. Bxe4 Rxe4 25. Nd2 Re7 26. Kf2 Nc6 27.
h3 Bh5 28. N2f3 Bg6 29. Rd1 Na5 30. b3 Nc6 31. Ne2 Be4 32. Ng3 g6 33. Nxe4 dxe4
34. Ne1 Re5 35. Rd7 Ra5 36. a4 b5 37. axb5 Rxb5 38. b4 Ne5 39. Rd8+ Kg7 40. Ke2
Rb6 41. Rd4 f5 42. Rd5 Kf6 43. Nc2 Rc6 44. Kd2 Nc4+ 45. Kc1 Ne5 46. Kd2 Nc4+ 47.
Kc1 Ne5 48. Kd2 Ke6 49. Rb5 Kf6 50. Rd5 1/2-1/2

[Event "St Louis Inv IM 2017"]
[Site "Saint Louis USA"]
[Date "2017.11.17"]
[Round "1.5"]
[White "Wang, Annie"]
[Black "Hua, Lefong"]
[Result "1-0"]
[WhiteTitle "WIM"]
[BlackTitle "FM"]
[WhiteElo "2295"]
[BlackElo "2310"]
[WhiteFideId "2053900"]
[BlackFideId "2602253"]
[EventDate "2017.11.17"]
[EventType "tourn"]

1. d4 Nf6 2. c4 g6 3. Nc3 Bg7 4. e4 d6 5. Be2 O-O 6. Be3 c5 7. d5 e6 8. Nf3 exd5
9. cxd5 Re8 10. Nd2 a6 11. a4 Nbd7 12. O-O Ne5 13. h3 h6 14. Qc2 g5 15. f4 gxf4
16. Bxf4 Ng6 17. Bg3 Nd7 18. Nf3 Nde5 19. Qd2 Nxf3+ 20. Rxf3 Qe7 21. Raf1 Rf8
22. Kh1 Bd7 23. R3f2 b5 24. axb5 axb5 25. Nxb5 Bxb5 26. Bxb5 Rab8 27. Qe2 Rb6
28. b3 Qg5 29. Bh2 Ne5 30. Rf5 Qg6 31. R5f4 Rfb8 32. Bc4 R6b7 33. Rh4 Re8 34.
Bb5 Ree7 35. Ba4 Rb4 36. Qa6 Kh7 37. Bxe5 Rxe5 38. Rg4 Rg5 39. Bd7 Rxg4 40. Bxg4
Kg8 41. Qc8+ Bf8 42. Be6 1-0

[Event "St Louis Inv IM 2017"]
[Site "Saint Louis USA"]
[Date "2017.11.18"]
[Round "2.1"]
[White "Larson, Matthew"]
[Black "Hua, Lefong"]
[Result "1-0"]
[WhiteTitle "FM"]
[BlackTitle "FM"]
[WhiteElo "2392"]
[BlackElo "2310"]
[WhiteFideId "2077990"]
[BlackFideId "2602253"]
[EventDate "2017.11.17"]

1. d4 Nf6 2. c4 g6 3. Nc3 Bg7 4. e4 d6 5. Be2 O-O 6. Nf3 c5 7. d5 e6 8. O-O exd5
9. exd5 Bg4 10. h3 Bxf3 11. Bxf3 Nfd7 12. Qc2 Ne5 13. Be2 f5 14. f4 Nf7 15. Bd2
Nd7 16. Rae1 a6 17. a4 Qh4 18. Kh2 Rae8 19. Bf3 Nd8 20. b3 Qf6 21. Rxe8 Rxe8 22.
g4 fxg4 23. hxg4 Ne5 24. fxe5 Qh4+ 25. Kg2 Bxe5 26. Rf2 Bg3 27. Nd1 Qh2+ 28. Kf1
Bxf2 29. Nxf2 Qg3 30. Bg2 Rf8 31. Bh6 Re8 32. Ne4 Qh4 33. Bg5 Rf8+ 34. Kg1 Qe1+
35. Kh2 Nf7 36. Qd2 Qa1 37. Bf6 Ne5 38. Kh3 Rf7 39. g5 Qb1 40. Bxe5 dxe5 41. d6
Qxb3+ 42. Ng3 Qxa4 43. Bd5 Qd7+ 44. Kh2 b5 45. Ne4 Kf8 46. Bxf7 Kxf7 47. Nf6 1-0

[Event "St Louis Inv IM 2017"]
[Site "Saint Louis USA"]
[Date "2017.11.18"]
[Round "2.2"]
[White "Torres Rosas, Luis Carlos"]
[Black "Wang, Annie"]
[Result "1-0"]
[WhiteTitle "IM"]
[BlackTitle "WIM"]
[WhiteElo "2353"]
[BlackElo "2295"]
[WhiteFideId "5111080"]
[BlackFideId "2053900"]
[EventDate "2017.11.17"]

1. d4 e6 2. c4 Nf6 3. Nc3 Bb4 4. f3 c5 5. d5 O-O 6. e4 d6 7. Bd3 b5 8. Ne2 exd5
9. cxd5 a6 10. O-O Re8 11. Kh1 Nbd7 12. Ng3 Ne5 13. Be2 Rb8 14. Qc2 c4 15. Be3
Ba5 16. Nd1 Bb7 17. Bd4 Rc8 18. Ne3 Bb6 19. Qd2 Bxd4 20. Qxd4 Ned7 21. Rad1 Nc5
22. Ngf5 Re5 23. Ng3 Re8 24. Qd2 h6 25. Nef5 Kh7 26. Nxg7 Re5 27. N7f5 Qf8 28.
Qf4 Ncd7 29. Qh4 Ree8 30. Rfe1 Rcd8 31. Bf1 Bc8 32. f4 Kg6 33. Be2 Nc5 34. Bh5+
Nxh5 35. Nxh5 f6 36. Nfg3 Nd7 37. Qg4+ Kf7 38. Qg6+ Kxg6 39. f5+ Kh7 40. Nf4 Qf7
41. Ne6 Ne5 42. Nh5 Nd7 43. Re3 Rg8 44. Rh3 Rde8 45. Nhf4 1-0

[Event "St Louis Inv IM 2017"]
[Site "Saint Louis USA"]
[Date "2017.11.18"]
[Round "2.3"]
[White "Yip, Carissa"]
[Black "Wang, Justin"]
[Result "0-1"]
[WhiteTitle "FM"]
[WhiteElo "2311"]
[BlackElo "2254"]
[WhiteFideId "2090732"]
[BlackFideId "30911370"]
[EventDate "2017.11.17"]

1. d4 Nf6 2. Bf4 e6 3. Nf3 c5 4. e3 Nc6 5. c3 d5 6. Nbd2 Bd6 7. Bg3 O-O 8. Bd3
b6 9. e4 Be7 10. e5 Nh5 11. a3 g6 12. h4 f5 13. exf6 Bxf6 14. Bh2 Bg7 15. Bb5
Bd7 16. Bxc6 Bxc6 17. Ne5 Bb5 18. Ndf3 Nf4 19. Rg1 Bxe5 20. Nxe5 Qxh4 21. Bg3
Nxg2+ 22. Rxg2 Qh1+ 23. Kd2 Qxg2 24. Ng4 h5 25. Qe1 Rae8 26. Ne5 Rf6 27. a4 Ba6
28. Nd7 Rf3 29. Bh4 Qg4 30. Ne5 Qf4+ 31. Kc2 Rh3 32. Bg3 Qf5+ 33. Kd2 h4 0-1

[Event "St Louis Inv IM 2017"]
[Site "Saint Louis USA"]
[Date "2017.11.18"]
[Round "2.4"]
[White "Foisor, Sabina-Francesca"]
[Black "Arias Santana, Mauricio"]
[Result "1-0"]
[WhiteTitle "WGM"]
[BlackTitle "IM"]
[WhiteElo "2369"]
[BlackElo "2308"]
[WhiteFideId "1212915"]
[BlackFideId "6500366"]
[EventDate "2017.11.17"]

1. d4 d5 2. Nf3 Nf6 3. e3 g6 4. Be2 Bg7 5. O-O O-O 6. b4 c6 7. a4 Bg4 8. Nbd2
Nbd7 9. Bb2 Re8 10. c4 Ne4 11. Nxe4 dxe4 12. Nd2 Bxe2 13. Qxe2 e5 14. Nb3 exd4
15. Bxd4 Ne5 16. Rad1 Qc7 17. Nc5 f5 18. Bxe5 Bxe5 19. Rd7 Qc8 20. Rfd1 Rb8 21.
Nb3 Bf6 22. c5 Re7 23. Qc4+ Kf8 24. R7d6 Be5 25. f4 exf3 26. gxf3 Qe8 27. R6d3
a6 28. Na5 Qf7 29. f4 Bc7 30. Qxf7+ Kxf7 31. Nc4 Rbe8 32. Kf2 Re4 33. Rd4 Rxd4
34. Rxd4 Ke6 35. Kf3 Rf8 36. h3 Rf7 37. Ke2 Rd7 38. Rxd7 Kxd7 39. Kf3 Ke6 40. e4
fxe4+ 41. Kxe4 h6 42. a5 h5 43. Ne3 Kf6 44. f5 gxf5+ 45. Nxf5 Be5 46. h4 Bc3 47.
Nd6 Bxb4 48. Nxb7 Be1 49. Nd8 Bxa5 50. Nxc6 Bc7 51. Nb4 a5 52. Nd5+ 1-0

[Event "St Louis Inv IM 2017"]
[Site "Saint Louis USA"]
[Date "2017.11.18"]
[Round "2.5"]
[White "Neimer, Vitaly"]
[Black "Grabinsky, Aaron"]
[Result "1/2-1/2"]
[WhiteTitle "IM"]
[WhiteElo "2346"]
[BlackElo "2362"]
[WhiteFideId "2807017"]
[BlackFideId "2087090"]
[EventDate "2017.11.17"]

1. Nf3 Nf6 2. c4 c5 3. Nc3 b6 4. g3 Bb7 5. Bg2 e6 6. O-O Be7 7. d4 cxd4 8. Qxd4
d6 9. Rd1 a6 10. b3 Nbd7 11. Ba3 Nc5 12. e4 Qc8 13. Rac1 O-O 14. Qe3 Qc7 15. Nd4
Rfe8 16. h3 Rad8 17. Nde2 Qb8 18. Nf4 Bf8 19. Rc2 d5 20. e5 Nfe4 21. b4 Nxc3 22.
Rxc3 Nd7 23. cxd5 exd5 24. Nxd5 Rxe5 25. Qd4 Ree8 26. Re3 Rxe3 27. Nxe3 Bxg2 28.
Kxg2 Be7 29. Nd5 Bd6 30. Bb2 Be5 31. Qd2 Bxb2 32. Qxb2 Kh8 33. Qe2 b5 34. Qe7
Nf6 35. Ne3 Qa8+ 36. Kg1 Rxd1+ 37. Nxd1 Kg8 38. Ne3 h6 39. Nf5 Qf3 40. Nd6 Qd1+
41. Kh2 Qc2 42. Qxf7+ Kh7 43. Qb7 Qxa2 44. Qa7 Qd2 45. Nf5 Qd7 46. Qxd7 Nxd7 47.
Ne7 g6 48. Kg2 Kg7 49. Kf3 Nf6 50. Nc6 Kf7 51. Nb8 Ke6 52. Nxa6 Kd5 53. Kf4 Kd4 1/2-1/2

[Event "St Louis Inv IM 2017"]
[Site "Saint Louis USA"]
[Date "2017.11.18"]
[Round "3.1"]
[White "Grabinsky, Aaron"]
[Black "Larson, Matthew"]
[Result "1-0"]
[BlackTitle "FM"]
[WhiteElo "2362"]
[BlackElo "2392"]
[WhiteFideId "2087090"]
[BlackFideId "2077990"]
[EventDate "2017.11.17"]

1. d4 d5 2. Bf4 Nf6 3. e3 c5 4. c3 Nc6 5. Nd2 Qb6 6. Qb3 g6 7. Ngf3 c4 8. Qxb6
axb6 9. a3 Bf5 10. h3 h5 11. Be2 b5 12. O-O Bh6 13. Bxh6 Rxh6 14. Ng5 Nh7 15.
Nxh7 Rxh7 16. f4 e6 17. Rfe1 Be4 18. Nxe4 dxe4 19. a4 bxa4 20. Bxc4 Ra5 21. Red1
b5 22. d5 Ne7 23. b4 axb3 24. Rxa5 bxc4 25. dxe6 fxe6 26. Ra7 Kf7 27. Rd4 Rh8
28. Rxc4 Rb8 29. Rcc7 b2 30. Rxe7+ Kf8 31. Rf7+ Kg8 32. Rg7+ Kf8 33. Raf7+ Ke8
34. Rg8+ 1-0

[Event "St Louis Inv IM 2017"]
[Site "Saint Louis USA"]
[Date "2017.11.18"]
[Round "3.2"]
[White "Arias Santana, Mauricio"]
[Black "Neimer, Vitaly"]
[Result "1/2-1/2"]
[WhiteTitle "IM"]
[BlackTitle "IM"]
[WhiteElo "2308"]
[BlackElo "2346"]
[WhiteFideId "6500366"]
[BlackFideId "2807017"]
[EventDate "2017.11.17"]

1. d4 Nf6 2. Bf4 b6 3. e3 Bb7 4. Nf3 g6 5. h3 Bg7 6. Be2 O-O 7. O-O d6 8. c4
Nbd7 9. Nc3 Re8 10. Re1 e5 11. Bh2 Ne4 12. Nxe4 Bxe4 13. Qd2 a5 14. Rad1 Qe7 15.
dxe5 Nxe5 16. Nd4 f5 17. Bf1 Qf7 18. Qc1 Kh8 19. Nb5 Bb7 20. b3 a4 21. b4 a3 22.
c5 bxc5 23. bxc5 dxc5 24. Nxa3 Qxa2 25. Nc4 Nxc4 26. Bxc4 Qa4 27. f3 Re7 28. Bf4
Bf6 29. Bg3 Rae8 30. Bf2 Kg7 31. Re2 Ba6 32. Rc2 Bg5 33. f4 Bf6 34. Bxa6 Qxa6
35. Rxc5 Qa4 36. Rd2 Qa1 37. Qxa1 Bxa1 38. Rdc2 Rc8 39. g4 fxg4 40. hxg4 Kf7 41.
Kg2 Bf6 42. Kf3 Rd7 43. f5 Be7 44. Rc6 Bd6 45. Bg3 Re8 46. Bf4 h5 47. fxg6+ Kxg6
48. gxh5+ Kxh5 49. Bxd6 1/2-1/2

[Event "St Louis Inv IM 2017"]
[Site "Saint Louis USA"]
[Date "2017.11.18"]
[Round "3.3"]
[White "Wang, Justin"]
[Black "Foisor, Sabina-Francesca"]
[Result "1-0"]
[BlackTitle "WGM"]
[WhiteElo "2254"]
[BlackElo "2369"]
[WhiteFideId "30911370"]
[BlackFideId "1212915"]
[EventDate "2017.11.17"]

1. e4 e5 2. Nf3 Nc6 3. Bb5 a6 4. Ba4 Nf6 5. d3 d6 6. c3 g6 7. Bg5 Bg7 8. Nbd2 h6
9. Bh4 O-O 10. Nf1 b5 11. Bb3 Na5 12. Bc2 c5 13. Ne3 Qc7 14. Qd2 Be6 15. h3 g5
16. Bg3 Nh5 17. h4 g4 18. Nh2 Qd7 19. Bd1 Nf6 20. h5 c4 21. Bh4 cxd3 22. Bxf6
Bxf6 23. Nexg4 Bg7 24. Qxd3 d5 25. Qg3 Kh7 26. exd5 Qxd5 27. Bc2+ f5 28. Ne3 Qd7
29. Rd1 Qf7 30. Qg6+ Qxg6 31. hxg6+ Kg8 32. Rd6 Bc8 33. g4 f4 34. Nf5 Nc4 35.
Rc6 Bb7 36. Rc7 Rxf5 37. Rxb7 Rf6 38. g5 Rb6 39. Rc7 h5 40. Be4 Rd8 41. Nf3 Rbd6
42. Ke2 Nxb2 43. Rxh5 R6d7 44. Rxd7 Rxd7 45. Bf5 Rc7 46. Nd2 Na4 47. Rh1 Nxc3+
48. Kf3 Kf8 49. a3 a5 50. Kg4 b4 51. axb4 axb4 52. Ra1 Ke7 53. Ra6 Nd1 54. Re6+
Kf8 55. Ne4 b3 56. Nf6 Nxf2+ 57. Kf3 Bxf6 58. gxf6 Rb7 59. g7+ Rxg7 60. fxg7+
Kxg7 61. Kxf2 1-0

[Event "St Louis Inv IM 2017"]
[Site "Saint Louis USA"]
[Date "2017.11.18"]
[Round "3.4"]
[White "Wang, Annie"]
[Black "Yip, Carissa"]
[Result "1/2-1/2"]
[WhiteTitle "WIM"]
[BlackTitle "FM"]
[WhiteElo "2295"]
[BlackElo "2311"]
[WhiteFideId "2053900"]
[BlackFideId "2090732"]
[EventDate "2017.11.17"]

1. d4 Nf6 2. c4 g6 3. Nc3 d5 4. cxd5 Nxd5 5. e4 Nxc3 6. bxc3 Bg7 7. Bc4 O-O 8.
Ne2 c5 9. O-O Nc6 10. Be3 b6 11. Rb1 Na5 12. Bd3 Qc7 13. Qa4 Rd8 14. Rfd1 e5 15.
d5 c4 16. Bc2 Bd7 17. Qa3 Nb7 18. f3 Nd6 19. Qc1 Rf8 20. Ng3 Rae8 21. Qd2 h5 22.
Ne2 Kh7 23. Kh1 Qc8 24. a4 Qc7 25. Ra1 Re7 26. Rf1 Rfe8 27. Rfe1 Kg8 28. Rad1
Bc8 29. Qc1 f5 30. exf5 gxf5 31. Bg5 Rf7 32. f4 Bb7 33. Ng3 Qc5 34. Nxh5 Bxd5
35. Nxg7 Rxg7 36. Qd2 Be4 37. Qxd6 Bxc2 38. Qxc5 bxc5 39. Rd2 Bxa4 40. Bf6 Rg6
41. Bxe5 Bc6 42. Ra1 Re7 43. Ra5 Rd7 44. Rxd7 Bxg2+ 45. Kg1 Bc6+ 46. Kf2 Bxd7
47. Rxc5 Rc6 48. Ra5 a6 49. Ke3 Rh6 50. Kd4 Bb5 51. Ra2 Kf7 1/2-1/2

[Event "St Louis Inv IM 2017"]
[Site "Saint Louis USA"]
[Date "2017.11.18"]
[Round "3.5"]
[White "Hua, Lefong"]
[Black "Torres Rosas, Luis Carlos"]
[Result "1/2-1/2"]
[WhiteTitle "FM"]
[BlackTitle "IM"]
[WhiteElo "2310"]
[BlackElo "2353"]
[WhiteFideId "2602253"]
[BlackFideId "5111080"]
[EventDate "2017.11.17"]

1. d4 Nf6 2. c4 g6 3. Nc3 Bg7 4. e4 d6 5. f4 c5 6. d5 O-O 7. Nf3 e6 8. Be2 exd5
9. cxd5 Bg4 10. O-O Bxf3 11. Bxf3 Nbd7 12. h3 Ne8 13. Be3 Rb8 14. Qd2 b5 15. Be2
b4 16. Nd1 Nc7 17. Nf2 Re8 18. Rad1 Nb6 19. b3 Kh8 20. Bc4 Nxc4 21. bxc4 Na8 22.
e5 Nb6 23. Qc2 f5 24. Nd3 Nd7 25. Rfe1 Qc7 26. Bf2 Kg8 1/2-1/2

[Event "St Louis Inv IM 2017"]
[Site "Saint Louis USA"]
[Date "2017.11.19"]
[Round "4.1"]
[White "Larson, Matthew"]
[Black "Torres Rosas, Luis Carlos"]
[Result "1/2-1/2"]
[WhiteTitle "FM"]
[BlackTitle "IM"]
[WhiteElo "2392"]
[BlackElo "2353"]
[WhiteFideId "2077990"]
[BlackFideId "5111080"]
[EventDate "2017.11.17"]

1. d4 Nf6 2. c4 g6 3. Nc3 Bg7 4. e4 d6 5. Be2 O-O 6. Nf3 e5 7. O-O exd4 8. Nxd4
Re8 9. f3 c6 10. Kh1 Nbd7 11. Bf4 Nh5 12. Be3 f5 13. g3 Nc5 14. Nb3 fxe4 15.
Nxc5 exf3 16. Rxf3 Bxc3 17. bxc3 Bg4 18. Rf1 dxc5 19. Bxg4 Rxe3 20. Bxh5 gxh5
21. Qxh5 Qe7 22. Rad1 Re8 23. Rd2 Re1 24. Rf2 Rxf1+ 25. Rxf1 Qe4+ 26. Kg1 Qe3+
27. Kh1 Qe4+ 28. Kg1 Qe3+ 29. Kh1 1/2-1/2

[Event "St Louis Inv IM 2017"]
[Site "Saint Louis USA"]
[Date "2017.11.19"]
[Round "4.2"]
[White "Yip, Carissa"]
[Black "Hua, Lefong"]
[Result "1/2-1/2"]
[WhiteTitle "FM"]
[BlackTitle "FM"]
[WhiteElo "2311"]
[BlackElo "2310"]
[WhiteFideId "2090732"]
[BlackFideId "2602253"]
[EventDate "2017.11.17"]

1. e4 c5 2. Nf3 g6 3. d4 cxd4 4. Nxd4 Bg7 5. Be3 Nc6 6. Nc3 Nf6 7. Bc4 Qa5 8.
O-O O-O 9. Bb3 d6 10. h3 Bd7 11. f4 Nxd4 12. Bxd4 Bc6 13. Qd3 Nd7 14. Bxg7 Kxg7
15. Rae1 Qc5+ 16. Kh1 Rad8 17. Nd5 e6 18. Nc3 Nf6 19. a4 a6 20. f5 Qe5 21. Nd5
Nh5 22. Re3 exd5 23. exd5 Nf4 24. Qd2 Bxd5 25. Rxe5 Bxg2+ 26. Qxg2 Nxg2 27. Re7
Nh4 28. fxg6 hxg6 29. Rexf7+ Rxf7 30. Rxf7+ Kh6 31. Rxb7 Re8 32. Bc4 Re4 33. b3
a5 34. Rb5 Re1+ 35. Kh2 Nf3+ 36. Kg2 Ne5 37. Bf1 Rc1 38. c4 Rc2+ 39. Kg3 Rc3+
40. Kf2 Kg5 41. Rb6 Kf4 42. Rxd6 Rf3+ 43. Ke2 Rxb3 44. Rd4+ Kf5 45. Rd5 Kf4 46.
Rd4+ 1/2-1/2

[Event "St Louis Inv IM 2017"]
[Site "Saint Louis USA"]
[Date "2017.11.19"]
[Round "4.3"]
[White "Foisor, Sabina-Francesca"]
[Black "Wang, Annie"]
[Result "0-1"]
[WhiteTitle "WGM"]
[BlackTitle "WIM"]
[WhiteElo "2369"]
[BlackElo "2295"]
[WhiteFideId "1212915"]
[BlackFideId "2053900"]
[EventDate "2017.11.17"]

1. d4 e6 2. c4 Nf6 3. Nf3 d5 4. Nc3 Be7 5. Bg5 O-O 6. e3 h6 7. Bh4 b6 8. Rc1 Bb7
9. cxd5 Nxd5 10. Bg3 Nxc3 11. bxc3 c5 12. Bd3 cxd4 13. exd4 Nd7 14. O-O Nf6 15.
Qe2 Qd5 16. c4 Qd7 17. Rfd1 Rad8 18. Bb1 Rfe8 19. Ne5 Qc8 20. Bh4 Nd7 21. Bxe7
Rxe7 22. Ng4 Rde8 23. Rc3 Qc6 24. Rg3 Kh8 25. Ne5 Nxe5 26. dxe5 Rd7 27. Rxd7
Qxd7 28. Qg4 Rg8 29. Rd3 Qc7 30. Qd4 Ba6 31. h3 Bxc4 32. Rc3 b5 33. Qe4 g6 34.
Qf4 Kg7 35. Qf6+ Kh7 36. Rg3 Qd7 37. Kh2 Rg7 38. a3 a5 39. h4 Be2 40. f3 h5 41.
f4 Bg4 42. Rd3 Qc7 43. Rd8 Bf5 44. Ba2 Qc2 45. Bb3 Qb2 46. Rc8 Qd2 47. Qg5 a4
48. Ba2 Be4 49. f5 Qxa2 50. f6 Rg8 51. Rc7 Rf8 52. Rc3 Rd8 53. Rc7 Rf8 54. Rc3
Qb2 55. Rg3 b4 56. Qf4 Bf5 57. axb4 a3 58. Qe3 Qxb4 59. Qxa3 Qxa3 60. Rxa3 g5
61. Kg3 Kg6 62. Ra4 Rd8 63. hxg5 Kxg5 64. Ra7 Bg6 0-1

[Event "St Louis Inv IM 2017"]
[Site "Saint Louis USA"]
[Date "2017.11.19"]
[Round "4.4"]
[White "Neimer, Vitaly"]
[Black "Wang, Justin"]
[Result "0-1"]
[WhiteTitle "IM"]
[WhiteElo "2346"]
[BlackElo "2254"]
[WhiteFideId "2807017"]
[BlackFideId "30911370"]
[EventDate "2017.11.17"]

1. Nf3 Nf6 2. c4 e6 3. g3 b6 4. Bg2 Bb7 5. O-O Be7 6. d4 d5 7. cxd5 exd5 8. Nc3
O-O 9. Bf4 c6 10. Rc1 Re8 11. Ne5 Nbd7 12. Qa4 Nxe5 13. dxe5 Nd7 14. e4 Nc5 15.
Qc2 d4 16. Rfd1 Ne6 17. Ne2 c5 18. h4 Qb8 19. b4 Rd8 20. bxc5 bxc5 21. Rb1 Qc8
22. Bg5 Bxg5 23. hxg5 Ba6 24. Nf4 Nxf4 25. gxf4 Qg4 26. Rb3 Be2 27. Rd2 d3 28.
Rbxd3 Bxd3 29. Rxd3 Qxf4 30. Rd5 Rxd5 31. exd5 Qxe5 32. Qxc5 Qxg5 33. Qd4 Qf6 0-1

[Event "St Louis Inv IM 2017"]
[Site "Saint Louis USA"]
[Date "2017.11.19"]
[Round "4.5"]
[White "Grabinsky, Aaron"]
[Black "Arias Santana, Mauricio"]
[Result "1-0"]
[BlackTitle "IM"]
[WhiteElo "2362"]
[BlackElo "2308"]
[WhiteFideId "2087090"]
[BlackFideId "6500366"]
[EventDate "2017.11.17"]

1. d4 d5 2. Bf4 Nf6 3. e3 c5 4. c3 Qb6 5. Qb3 c4 6. Qc2 g6 7. Nd2 Bf5 8. Qc1 Nc6
9. Ngf3 Bg7 10. h3 O-O 11. Be2 Rfc8 12. O-O Qd8 13. b4 b5 14. a4 bxa4 15. Rxa4
a5 16. b5 Na7 17. Qb2 Qb6 18. Rfa1 Qxb5 19. Qa3 Nc6 20. Ne5 Bf8 21. Nxc6 Qxc6
22. Qb2 Qa6 23. Qa2 Qb5 24. Rxa5 Rxa5 25. Qxa5 Qb2 26. Ra2 Qc1+ 27. Bf1 h5 28.
Be5 Bg7 29. Bf4 Bd3 30. Qa3 Qxa3 31. Rxa3 Ne4 32. Nxe4 dxe4 33. f3 f5 34. fxe4
fxe4 35. Ra6 Kh7 36. g4 Rf8 37. Bg2 Rf6 38. Rxf6 Bxf6 39. g5 Bg7 40. h4 Kg8 41.
Kf2 Kf7 42. Bh3 Bf8 43. Bc7 e6 44. Ba5 Ba3 45. d5 exd5 46. Bb6 Bd6 47. Bd4 Bc2
48. Bd7 Bd1 49. Bc6 Ke6 50. Be8 Bg4 51. Bxg6 Be7 52. Bh7 Bf5 53. Bg8+ Kd6 54.
Bf7 Bg4 55. Kg3 Bd8 56. g6 Be6 57. Be8 Ke7 58. Bc6 Bc7+ 59. Kf2 Kd6 60. Ba4 Bf5
61. g7 Be6 62. Bd1 Bd8 63. Kg3 Ke7 64. Bxh5 Bc7+ 65. Kf2 1-0

[Event "St Louis Inv IM 2017"]
[Site "Saint Louis USA"]
[Date "2017.11.19"]
[Round "5.1"]
[White "Arias Santana, Mauricio"]
[Black "Larson, Matthew"]
[Result "0-1"]
[WhiteTitle "IM"]
[BlackTitle "FM"]
[WhiteElo "2308"]
[BlackElo "2392"]
[WhiteFideId "6500366"]
[BlackFideId "2077990"]
[EventDate "2017.11.17"]

1. d4 d5 2. Bf4 Nf6 3. Nc3 c5 4. e3 cxd4 5. exd4 a6 6. Nf3 Nc6 7. h3 e6 8. Bd3
Bd6 9. Bxd6 Qxd6 10. O-O O-O 11. Re1 b5 12. Ne2 Bb7 13. a4 b4 14. Nc1 Na5 15.
Ne5 Rac8 16. Bf1 Qc7 17. Ncd3 Qxc2 18. Nxb4 Qxb2 19. Rb1 Qc3 20. Re3 Qc7 21.
Nxa6 Bxa6 22. Bxa6 Rb8 23. Rc1 Qd6 24. Bb5 Rfc8 25. Rf3 Qb4 26. Rb1 Qd6 27. Qd2
Nc4 28. Qf4 Na3 29. Rbb3 Nxb5 30. axb5 Rb7 31. Rfc3 Rcc7 32. Ra3 h6 33. Ra8+ Kh7
34. Qc1 Ne4 35. Rc6 f6 36. Nd3 Rxc6 37. bxc6 Rc7 38. Ra6 Qd8 39. Qc2 Kg8 40. Qa4
Kh7 41. g3 Qb8 42. Nb4 Nc3 43. Qc2+ Ne4 44. Ra4 f5 45. Na6 Rxc6 46. Qa2 Rc1+ 47.
Kg2 Qb5 48. Ra3 Ng5 0-1